000 00543cam a2200217ua 4500
001 7370
005 20260515114213.0
008 141208n ii |||gr||||Z||||||ben
020 _a8173320411
040 _cMAIN
041 _aben
082 _a891.443
100 _aGangopadhyay, S.,
_eAuthor.
245 1 _aSunirbasit Kishor Upanyash
_cBy Sunil Gangopadhyay
250 _a1st.
260 _aCalcutta:
_bPonasba,
_c1999.
300 _a472p.
653 _aEast Indo-European & Celtic literatures
653 _aBengali novels
942 _cBK
999 _c6490
_d6490